Central Library OPAC University of Rajshahi

The Moviola man / (Record no. 62409)

MARC details
000 -LEADER
fixed length control field 00709nam a2200253 a 4500
001 - CONTROL NUMBER
control field 62409
003 - CONTROL NUMBER IDENTIFIER
rucl marc code BD-RjUL
005 - DATE AND TIME OF LATEST TRANSACTION
control field 20211209081101.0
008 - FIXED-LENGTH DATA ELEMENTS--GENERAL INFORMATION
fixed length control field 170124s1979 nyu 000 1 eng d
020 ## - INTERNATIONAL STANDARD BOOK NUMBER
International Standard Book Number 0385144539 :
Terms of availability $8.95
035 ## - SYSTEM CONTROL NUMBER
System control number (BD-RjUL)62535
040 ## - CATALOGING SOURCE
Original cataloging agency DLC
Transcribing agency DLC
Modifying agency DLC
-- BD-RjUL
Language of cataloging eng
041 ## - LANGUAGE CODE
Language code of text/sound track or separate title eng
082 00 - DEWEY DECIMAL CLASSIFICATION NUMBER
Classification number 813.54
Edition number 23
Author mark and year MAM 1979
100 1# - MAIN ENTRY--PERSONAL NAME
Personal name Mahan, Bill.
9 (RLIN) 185629
245 14 - TITLE STATEMENT
Title The Moviola man /
Statement of responsibility, etc. Bill & Colleen Mahan.
250 ## - EDITION STATEMENT
Edition statement 1st ed.
260 ## - PUBLICATION, DISTRIBUTION, ETC. (IMPRINT)
Place of publication, distribution, etc. Garden City, N.Y. :
Name of publisher, distributor, etc. Doubleday,
Date of publication, distribution, etc. 1979.
300 ## - PHYSICAL DESCRIPTION
Pagination 239 p. ;
Size 22 cm.
600 ## - SUBJECT ADDED ENTRY--PERSONAL NAME
Personal name Mahan, Bill
700 1# - ADDED ENTRY--PERSONAL NAME
Personal name Mahan, Colleen,
Relator term joint author.
942 ## - ADDED ENTRY ELEMENTS (KOHA)
Source of classification or shelving scheme Dewey Decimal Classification
Koha item type Books
Holdings
Lost status Source of classification or shelving scheme Damaged status Not for loan Collection code Permanent Location Current Location Shelving location Date acquired Source of acquisition Total Checkouts Full call number Date last seen Copy number Koha item type
  Dewey Decimal Classification   Not For Loan Fiction Central Library, University of Rajshahi Central Library, University of Rajshahi Reading Room 24/02/1983 American Culture,   813.54 MAM 1979 24/01/2017 C-1 Books